Diccionario Básico de Seguros

Bibliographic Details
Main Authors: Castelo Matran, Julio, Pérez Escacho, José Marie
Format: Section = Libro
Language:Undetermined
Spanish
Published: España Mapfre, S.A. 1972
Subjects:
LEADER 00511nam a2200193Ia 4500
008 240830s9999 xx 000 0 und d
040 |a B-ESTELÍ- RUACS / Ref 368.05 C349 
041 |a spa 
082 |a Ref 368.05 C349 
100 1 |a Castelo Matran, Julio 
100 1 |b  Pérez Escacho, José Marie 
245 1 0 |a Diccionario Básico de Seguros 
260 |a España  |b Mapfre, S.A.  |c 1972 
300 |a 310 p 
650 7 |a PROBLEMAS SOCIALES 
650 7 |b  SEGUROS 
942 |c BK  |2 ddc 
991 |a TEXTO 
999 |c 11734